| 000 | 00979nam a2200277Ia 4500 | ||
|---|---|---|---|
| 003 | OSt | ||
| 005 | 20220923224543.0 | ||
| 006 | a|||||r|||| 00| 0 | ||
| 007 | ta | ||
| 008 | 220922b |||||||| |||| 00| 0 hin d | ||
| 020 | _c175 | ||
| 024 | _a241,503 | ||
| 037 |
_b481, 26/02/2010, Vani Prakashan _cTextual |
||
| 040 |
_aARTS _cARTS _bhin |
||
| 041 |
_2hin _ahin |
||
| 082 | _aO152,1:g(P), M1;N4 | ||
| 100 | _aशर्मा, रामविलास | ||
| 245 | 0 | _aभाषा, युगबोध और कविता | |
| 246 | _aBhāṣhā, yugabodh aur kavitā | ||
| 250 | _aद्वितीय प्रकाशन | ||
| 260 |
_aदिल्ली _b वाणी प्रकाशन _c1994 |
||
| 300 |
_a240पृ. _ccm. |
||
| 650 |
_aहिन्दी साहित्य _9156264 |
||
| 942 |
_hO152,1:g(P), M1;N4 _cTEXL _2CC |
||
| 999 |
_c372153 _d372153 |
||